000 00368nam a2200145Ia 4500
008 211109s9999||||xx |||||||||||||| ||und||
082 _a894.812
_bVAL-N
100 _aValsala, P K
245 0 _aNeelima
260 _bCurrent Books
_aTrichur
_c1973
300 _a151p.
630 _xGENERAL STACK
650 _aMalayalam Literature
_vLiteratureGeneralia
942 _cBOOK
999 _c58158
_d58158